[Event "Gausdal Classics 2007"]
[Site "Gausdal NOR"]
[Date "2007.04.18"]
[Round "1.1"]
[White "Rozentalis, Eduardas"]
[Black "Lie, Kjetil A"]
[Result "1-0"]
[WhiteElo "2578"]
[BlackElo "2529"]
[PlyCount "57"]
[EventDate "2007.04.18"]
[EventType "tourn"]
[EventRounds "9"]
[EventCountry "NOR"]
[EventCategory "12"]
[Source "lmi"]
[SourceDate "2007.04.18"]

1. e4 c5 2. Nf3 g6 3. c3 Bg7 4. d4 cxd4 5. cxd4 d5 6. exd5 Nf6 7. Bb5+ Nbd7 8.
d6 exd6 9. Qe2+ Qe7 10. Bf4 Qxe2+ 11. Bxe2 Ke7 12. Nc3 Nb6 13. O-O h6 14. Nb5
Rd8 15. Nc7 Rb8 16. Rfe1 Be6 17. Bd3 Nbd5 18. Nxe6 fxe6 19. Bd2 Kf7 20. Re2 g5
21. Rae1 Re8 22. h4 g4 23. Nh2 h5 24. Nf1 Re7 25. Bc4 Rbe8 26. Ng3 Nb6 27. Bb5
Nbd7 28. Bb4 a6 29. Ba4 1-0

[Event "Gausdal Classics 2007"]
[Site "Gausdal NOR"]
[Date "2007.04.18"]
[Round "1.3"]
[White "Krush, Irina"]
[Black "Jones, Gawain C"]
[Result "1-0"]
[WhiteElo "2464"]
[BlackElo "2518"]
[PlyCount "103"]
[EventDate "2007.04.18"]
[EventType "tourn"]
[EventRounds "9"]
[EventCountry "NOR"]
[EventCategory "12"]
[Source "lmi"]
[SourceDate "2007.04.18"]

1. d4 Nf6 2. c4 c5 3. d5 b5 4. cxb5 a6 5. b6 d6 6. Nc3 Qxb6 7. e4 g6 8. a4 Bg7
9. a5 Qb4 10. Ra4 Qb7 11. Nf3 Bg4 12. Be2 Bxf3 13. Bxf3 Nbd7 14. O-O O-O 15.
Be2 Ne8 16. f4 Bd4+ 17. Kh1 Nc7 18. Bc4 Nb5 19. Qd3 Nxc3 20. bxc3 Bg7 21. Bd2
f5 22. Rb1 Qc8 23. Ra2 Nf6 24. exf5 Qxf5 25. Qxf5 gxf5 26. Be1 Ne4 27. Ra3 Rfb8
28. Rab3 Rd8 29. Kg1 Bf6 30. Kf1 e5 31. dxe6 d5 32. Be2 c4 33. Rb7 Bxc3 34. Bh5
Bf6 35. e7 Re8 36. Bxe8 Rxe8 37. R1b6 d4 38. Rxa6 d3 39. Rxf6 Nxf6 40. a6 Kf7
41. a7 Nd5 42. Rb8 Nc7 43. Bb4 Na8 44. Ke1 c3 45. Rxe8 Kxe8 46. Bxc3 Kxe7 47.
Kd2 Ke6 48. Kxd3 Kd5 49. Ba5 Kc5 50. Bd8 Kd5 51. h3 h5 52. Ke3 1-0

[Event "Gausdal Classics 2007"]
[Site "Gausdal NOR"]
[Date "2007.04.18"]
[Round "1.4"]
[White "Krasenkow, Michal"]
[Black "Moskow, Eric"]
[Result "1-0"]
[WhiteElo "2661"]
[BlackElo "2260"]
[PlyCount "81"]
[EventDate "2007.04.18"]
[EventType "tourn"]
[EventRounds "9"]
[EventCountry "NOR"]
[EventCategory "12"]
[Source "lmi"]
[SourceDate "2007.04.18"]

1. d4 Nf6 2. c4 e6 3. Nf3 c5 4. d5 exd5 5. cxd5 g6 6. Nc3 d6 7. h3 a6 8. a4 Qe7
9. Bg5 h6 10. Bh4 Nbd7 11. e3 Bg7 12. Be2 O-O 13. O-O g5 14. Bg3 Ne8 15. e4 Ne5
16. a5 f5 17. Nxe5 Bxe5 18. Bxe5 Qxe5 19. exf5 Bxf5 20. Qb3 Qg7 21. Qb6 Rc8 22.
Rae1 Rc7 23. Bc4 Re7 24. Ne2 Bc2 25. Rc1 Bg6 26. b4 Rc7 27. Rfe1 Qf6 28. f3 Qg7
29. Bb3 Bd3 30. bxc5 Bxe2 31. Rxe2 Re7 32. Rxe7 Qxe7 33. c6 Rf7 34. Kf1 Kf8 35.
Ba4 Qe4 36. Re1 Qd3+ 37. Kf2 bxc6 38. Qb2 Nf6 39. dxc6 Qc4 40. Rc1 Qe6 41. c7
1-0

[Event "Gausdal Classics 2007"]
[Site "Gausdal NOR"]
[Date "2007.04.18"]
[Round "1.5"]
[White "Kulaots, Kaido"]
[Black "Carlsen, Magnus"]
[Result "1/2-1/2"]
[WhiteElo "2525"]
[BlackElo "2693"]
[PlyCount "77"]
[EventDate "2007.04.18"]
[EventType "tourn"]
[EventRounds "9"]
[EventCountry "NOR"]
[EventCategory "12"]
[Source "lmi"]
[SourceDate "2007.04.18"]

1. e4 e5 2. Nf3 Nc6 3. Bc4 Bc5 4. c3 Nf6 5. d3 a6 6. Nbd2 O-O 7. h3 d6 8. Bb3
Ba7 9. Nf1 Be6 10. Ng3 Bxb3 11. Qxb3 Qc8 12. O-O Ne7 13. d4 Ng6 14. Bg5 Nd7 15.
Nf5 Kh8 16. Ne7 Qe8 17. Nxg6+ fxg6 18. Qxb7 exd4 19. cxd4 Bb6 20. Qc6 h6 21.
Be3 Nf6 22. Qxe8 Rfxe8 23. e5 Nd5 24. Bd2 dxe5 25. dxe5 Rad8 26. Rfd1 Kg8 27.
Kf1 g5 28. Rac1 Kf7 29. Ke2 Ke6 30. Rc6+ Kf7 31. Rc4 Ne7 32. Be3 Rxd1 33. Kxd1
Ng6 34. Bxb6 cxb6 35. Rc6 Re6 36. Rc7+ Re7 37. Rc6 Re6 38. Rc7+ Re7 39. Rc6
1/2-1/2

[Event "Gausdal Classics 2007"]
[Site "Gausdal NOR"]
[Date "2007.04.19"]
[Round "2.1"]
[White "Lie, Kjetil A"]
[Black "Carlsen, Magnus"]
[Result "0-1"]
[WhiteElo "2529"]
[BlackElo "2693"]
[PlyCount "62"]
[EventDate "2007.04.18"]
[EventType "tourn"]
[EventRounds "9"]
[EventCountry "NOR"]
[EventCategory "12"]
[Source "lmi"]
[SourceDate "2007.04.18"]

1. f4 c5 2. Nf3 Nf6 3. d3 Nc6 4. e4 d5 5. e5 Ng8 6. Be2 Nh6 7. O-O Bg4 8. Ng5
Bxe2 9. Qxe2 e6 10. Qh5 Qe7 11. Nc3 O-O-O 12. Bd2 f6 13. exf6 gxf6 14. Rae1
fxg5 15. fxg5 Ng8 16. Rf7 Qe8 17. Nxd5 Bd6 18. Bc3 Rd7 19. Ref1 Nd8 20. Rxd7
Qxh5 21. Rxd6 Qe8 22. Bxh8 exd5 23. Rxd5 Ne7 24. Rxc5+ Nec6 25. Bd4 Ne6 26. Re1
Qd7 27. Rxc6+ Qxc6 28. Be3 Kd7 29. c4 Qa4 30. a3 Qc2 31. Bxa7 Nf4 0-1

[Event "Gausdal Classics 2007"]
[Site "Gausdal NOR"]
[Date "2007.04.19"]
[Round "2.2"]
[White "Moskow, Eric"]
[Black "Kulaots, Kaido"]
[Result "0-1"]
[WhiteElo "2260"]
[BlackElo "2525"]
[PlyCount "72"]
[EventDate "2007.04.18"]
[EventType "tourn"]
[EventRounds "9"]
[EventCountry "NOR"]
[EventCategory "12"]
[Source "lmi"]
[SourceDate "2007.04.18"]

1. c4 Nf6 2. Nc3 c5 3. Nf3 b6 4. g3 Bb7 5. Bg2 g6 6. O-O Bg7 7. d4 cxd4 8. Qxd4
d6 9. Bd2 Nbd7 10. b3 Rc8 11. Rac1 a6 12. h3 O-O 13. Qh4 Rc5 14. g4 Qa8 15. Be3
Rcc8 16. g5 Ne4 17. Nd5 Bxd5 18. cxd5 Nc3 19. Rxc3 Rxc3 20. Nd4 Ne5 21. Qe4 Re8
22. Bd2 Rc7 23. f4 Nd7 24. Qe3 Qc8 25. Nc6 e6 26. b4 exd5 27. Ne7+ Rxe7 28.
Qxe7 Bd4+ 29. e3 Nf8 30. Qxd6 Rd7 31. Qxd7 Qxd7 32. exd4 Qf5 33. Be3 Ne6 34.
Kh2 Qd3 35. Bg1 Nxd4 36. Bxd5 Qxf1 0-1

[Event "Gausdal Classics 2007"]
[Site "Gausdal NOR"]
[Date "2007.04.19"]
[Round "2.3"]
[White "Jones, Gawain C"]
[Black "Krasenkow, Michal"]
[Result "0-1"]
[WhiteElo "2518"]
[BlackElo "2661"]
[PlyCount "52"]
[EventDate "2007.04.18"]
[EventType "tourn"]
[EventRounds "9"]
[EventCountry "NOR"]
[EventCategory "12"]
[Source "lmi"]
[SourceDate "2007.04.18"]

1. e4 g6 2. d4 Bg7 3. Nc3 c6 4. Be3 d5 5. f3 Qb6 6. Qd2 Qxb2 7. Rb1 Qa3 8. h4
h5 9. Nh3 Nd7 10. exd5 Nb6 11. dxc6 bxc6 12. Ng5 Nh6 13. Rb3 Qa5 14. Qc1 Nf5
15. Bd2 Nxd4 16. Nb5 Qxa2 17. Nxd4 Bxd4 18. Bd3 Bf5 19. Be4 Bxe4 20. Nxe4 Nc4
21. Bb4 Be3 22. Rxe3 Nxe3 23. Bc3 Nxc2+ 24. Kf1 Rb8 25. Qd2 Rb1+ 26. Kf2 Rxh1
0-1

[Event "Gausdal Classics 2007"]
[Site "Gausdal NOR"]
[Date "2007.04.19"]
[Round "2.5"]
[White "Rozentalis, Eduardas"]
[Black "Portisch, Lajos"]
[Result "1/2-1/2"]
[WhiteElo "2578"]
[BlackElo "2512"]
[PlyCount "85"]
[EventDate "2007.04.18"]
[EventType "tourn"]
[EventRounds "9"]
[EventCountry "NOR"]
[EventCategory "12"]
[Source "lmi"]
[SourceDate "2007.04.18"]

1. e4 e5 2. Nc3 Nf6 3. g3 Nc6 4. Bg2 Bc5 5. d3 a6 6. Nf3 d6 7. O-O Be6 8. Be3
O-O 9. d4 exd4 10. Nxd4 Nxd4 11. Bxd4 Bxd4 12. Qxd4 Qc8 13. Rfe1 Re8 14. e5
dxe5 15. Rxe5 Rb8 16. Rae1 Qd8 17. Qf4 Qd6 18. Rd1 Qf8 19. h3 h6 20. g4 Red8
21. Rxd8 Qxd8 22. Re3 b5 23. b4 Qe7 24. h4 Rd8 25. g5 hxg5 26. hxg5 Nh7 27. Ne4
Qd7 28. Rd3 Qc8 29. Rc3 Bf5 30. Rxc7 Rd1+ 31. Kh2 Qb8 32. Nc5 Rd4 33. Qxd4
Qxc7+ 34. f4 Nxg5 35. Nxa6 Qc8 36. Nc5 Ne6 37. Qe5 g6 38. c3 Qd8 39. Nxe6 Bxe6
40. a3 Qh4+ 41. Kg1 Qg3 42. Qxb5 Qxc3 43. Qb8+ 1/2-1/2

[Event "Gausdal Classics 2007"]
[Site "Gausdal NOR"]
[Date "2007.04.20"]
[Round "3.2"]
[White "Krush, Irina"]
[Black "Rozentalis, Eduardas"]
[Result "1/2-1/2"]
[WhiteElo "2464"]
[BlackElo "2578"]
[PlyCount "92"]
[EventDate "2007.04.18"]
[EventType "tourn"]
[EventRounds "9"]
[EventCountry "NOR"]
[EventCategory "12"]
[Source "lmi"]
[SourceDate "2007.04.18"]

1. d4 Nf6 2. c4 e6 3. Nc3 Bb4 4. f3 O-O 5. a3 Bxc3+ 6. bxc3 Nh5 7. Nh3 f5 8.
Nf2 d6 9. e4 f4 10. c5 dxc5 11. Bc4 Nc6 12. Bb2 Na5 13. Ba2 c4 14. a4 Qg5 15.
O-O e5 16. Ba3 Rd8 17. Qe2 Kh8 18. Bxc4 exd4 19. cxd4 Nc6 20. d5 Ne5 21. Rfc1
Ng6 22. Nd3 b6 23. Bb5 a6 24. Bc6 Rb8 25. e5 Nh4 26. Ne1 Nf5 27. e6 Nd4 28. Qe4
Nxc6 29. e7 Re8 30. dxc6 Nf6 31. Qd4 Ng8 32. Nd3 Nxe7 33. Bxe7 Qxe7 34. Re1 Qf8
35. Rxe8 Qxe8 36. Qxf4 Be6 37. Qxc7 Rc8 38. Qxb6 Rxc6 39. Qb2 Qd8 40. Ne5 Rc2
41. Qb4 Rc4 42. Qb2 Rc2 43. Qb4 Rc4 44. Qe1 Qd4+ 45. Kh1 Rxa4 46. Rd1 Qb6
1/2-1/2

[Event "Gausdal Classics 2007"]
[Site "Gausdal NOR"]
[Date "2007.04.20"]
[Round "3.4"]
[White "Kulaots, Kaido"]
[Black "Jones, Gawain C"]
[Result "1/2-1/2"]
[WhiteElo "2525"]
[BlackElo "2518"]
[PlyCount "91"]
[EventDate "2007.04.18"]
[EventType "tourn"]
[EventRounds "9"]
[EventCountry "NOR"]
[EventCategory "12"]
[Source "lmi"]
[SourceDate "2007.04.18"]

1. d4 Nf6 2. Nf3 g6 3. c4 c5 4. Nc3 cxd4 5. Nxd4 d5 6. cxd5 Nxd5 7. Ndb5 Nxc3
8. Qxd8+ Kxd8 9. Nxc3 Bg7 10. Bd2 e6 11. e4 Nc6 12. O-O-O Ke7 13. f4 f6 14. Bb5
Bd7 15. Be3 Rhd8 16. Rd2 Be8 17. Rhd1 Rxd2 18. Rxd2 a6 19. Be2 Rd8 20. a3 Bh6
21. g3 Bf7 22. h4 Rxd2 23. Kxd2 e5 24. Kd3 Kd6 25. b4 Be6 26. b5 axb5 27. Nxb5+
Kd7 28. f5 Bc4+ 29. Kxc4 Bxe3 30. fxg6 hxg6 31. g4 Nd4 32. Nxd4 exd4 33. Kd5
Bf2 34. h5 gxh5 35. gxh5 Be3 36. a4 Ke7 37. Bd3 Kd7 38. Kc5 Kc7 39. Kd5 Kd7 40.
Bb5+ Ke7 41. Bc4 d3 42. Bxd3 Kf7 43. Bc4 Kg7 44. Ke6 b6 45. Kf5 Bd4 46. Be2
1/2-1/2

[Event "Gausdal Classics 2007"]
[Site "Gausdal NOR"]
[Date "2007.04.21"]
[Round "4.1"]
[White "Lie, Kjetil A"]
[Black "Moskow, Eric"]
[Result "1-0"]
[WhiteElo "2529"]
[BlackElo "2260"]
[PlyCount "77"]
[EventDate "2007.04.18"]
[EventType "tourn"]
[EventRounds "9"]
[EventCountry "NOR"]
[EventCategory "12"]
[Source "lmi"]
[SourceDate "2007.04.18"]

1. d4 d5 2. Nc3 Nf6 3. Bg5 Nbd7 4. Qd3 e6 5. e4 dxe4 6. Nxe4 Be7 7. Nxf6+ Nxf6
8. Nf3 O-O 9. O-O-O b6 10. Ne5 Bb7 11. Qh3 Nd7 12. Be3 Be4 13. Bd3 Bxd3 14.
Rxd3 Nxe5 15. dxe5 Qe8 16. Qg3 Kh8 17. Rhd1 Qa4 18. a3 Rad8 19. Bg5 Rxd3 20.
Rxd3 Qe8 21. Kb1 h6 22. Bc1 Qc6 23. Qg4 Qb5 24. Qh5 Kh7 25. b3 f5 26. Rg3 Qe8
27. Qe2 g5 28. Qc4 Bd8 29. Rd3 g4 30. h3 b5 31. Qc5 Rg8 32. Qxa7 Qc6 33. hxg4
fxg4 34. Qd4 Bg5 35. Rc3 Qxg2 36. Rxc7+ Rg7 37. Qd3+ Kh8 38. Bxg5 Qh1+ 39. Bc1
1-0

[Event "Gausdal Classics 2007"]
[Site "Gausdal NOR"]
[Date "2007.04.21"]
[Round "4.5"]
[White "Portisch, Lajos"]
[Black "Krush, Irina"]
[Result "1/2-1/2"]
[WhiteElo "2512"]
[BlackElo "2464"]
[PlyCount "79"]
[EventDate "2007.04.18"]
[EventType "tourn"]
[EventRounds "9"]
[EventCountry "NOR"]
[EventCategory "12"]
[Source "lmi"]
[SourceDate "2007.04.18"]

1. d4 d5 2. c4 dxc4 3. e3 Nf6 4. Bxc4 e6 5. Nf3 c5 6. O-O a6 7. Bd3 Nbd7 8. Nc3
b5 9. a4 b4 10. Ne4 cxd4 11. exd4 Bb7 12. Qe2 Be7 13. Bf4 Nxe4 14. Bxe4 Bxe4
15. Qxe4 O-O 16. Rfc1 Nf6 17. Qd3 Nd5 18. Bg3 Qb6 19. Qc4 Qb7 20. Qc6 Qxc6 21.
Rxc6 Rfc8 22. Rac1 Rxc6 23. Rxc6 Kf8 24. Kf1 Ke8 25. Ke2 Kd7 26. Ne5+ Ke8 27.
Kd3 h5 28. h4 g5 29. hxg5 Bxg5 30. Nc4 h4 31. Be5 Bd8 32. Ne3 Nxe3 33. fxe3 Kd7
34. Rc2 f6 35. Bf4 Bb6 36. Ke4 Rh8 37. Kf3 h3 38. gxh3 Rxh3+ 39. Kg2 Rh8 40.
Rc4 1/2-1/2

[Event "Gausdal Classics 2007"]
[Site "Gausdal NOR"]
[Date "2007.04.22"]
[Round "5.3"]
[White "Kulaots, Kaido"]
[Black "Rozentalis, Eduardas"]
[Result "1/2-1/2"]
[WhiteElo "2525"]
[BlackElo "2578"]
[PlyCount "71"]
[EventDate "2007.04.18"]
[EventType "tourn"]
[EventRounds "9"]
[EventCountry "NOR"]
[EventCategory "12"]
[Source "lmi"]
[SourceDate "2007.04.18"]

1. e4 g6 2. d4 Bg7 3. Nc3 c6 4. Nf3 d5 5. h3 Nf6 6. e5 Ne4 7. Nxe4 dxe4 8. Ng5
c5 9. e6 Bxe6 10. Nxe6 fxe6 11. dxc5 Qxd1+ 12. Kxd1 Nd7 13. c3 Nxc5 14. Be3 Rc8
15. Kc2 a6 16. a4 Rf8 17. Bc4 Rc6 18. a5 Be5 19. Rhe1 Bc7 20. b4 Nd7 21. Bf1
Bf4 22. Bd4 Be5 23. b5 Rd6 24. Ba7 Kf7 25. Rxe4 Rc8 26. Ra3 Bf6 27. Be3 axb5
28. Bxb5 Ne5 29. Be2 Rdc6 30. Rb4 R6c7 31. Rab3 Nc6 32. Ra4 Nb8 33. Raa3 Nc6
34. Ra4 Nb8 35. Raa3 Nc6 36. Ra4 1/2-1/2

[Event "Gausdal Classics 2007"]
[Site "Gausdal NOR"]
[Date "2007.04.22"]
[Round "5.5"]
[White "Moskow, Eric"]
[Black "Jones, Gawain C"]
[Result "1/2-1/2"]
[WhiteElo "2260"]
[BlackElo "2518"]
[PlyCount "94"]
[EventDate "2007.04.18"]
[EventType "tourn"]
[EventRounds "9"]
[EventCountry "NOR"]
[EventCategory "12"]
[Source "lmi"]
[SourceDate "2007.04.18"]

1. g3 e5 2. c4 Nc6 3. Bg2 f5 4. Nc3 Bb4 5. Nd5 Bc5 6. e3 Nf6 7. a3 d6 8. b4 Bb6
9. Ne2 Nxd5 10. cxd5 Ne7 11. d4 O-O 12. dxe5 dxe5 13. Qb3 Qd6 14. O-O c6 15.
dxc6+ Be6 16. Qc2 Nxc6 17. Rd1 Qe7 18. Nc3 Qf7 19. Bd5 Kh8 20. Bxe6 Qxe6 21.
Nd5 Rae8 22. Nxb6 axb6 23. Bb2 f4 24. exf4 exf4 25. Qc3 Qf7 26. Re1 fxg3 27.
fxg3 Qf2+ 28. Kh1 Rxe1+ 29. Rxe1 Nd4 30. Rd1 Nf5 31. Re1 h5 32. Qe5 h4 33. gxh4
Qf3+ 34. Kg1 Qg4+ 35. Kh1 Nxh4 36. Qg3 Qf3+ 37. Qxf3 Rxf3 38. Rg1 Nf5 39. Rg5
Kh7 40. Kg2 Nh4+ 41. Kg1 g6 42. Rb5 Nf5 43. Rxb6 Kh6 44. Kg2 Nh4+ 45. Kg1 Nf5
46. Kg2 Nh4+ 47. Kg1 Nf5 1/2-1/2

[Event "Gausdal Classics 2007"]
[Site "Gausdal NOR"]
[Date "2007.04.23"]
[Round "6.1"]
[White "Lie, Kjetil A"]
[Black "Jones, Gawain C"]
[Result "1/2-1/2"]
[WhiteElo "2529"]
[BlackElo "2518"]
[PlyCount "114"]
[EventDate "2007.04.18"]
[EventType "tourn"]
[EventRounds "9"]
[EventCountry "NOR"]
[EventCategory "12"]
[Source "lmi"]
[SourceDate "2007.04.18"]

1. d4 e6 2. Nf3 b6 3. e4 Bb7 4. Bd3 d6 5. c4 g6 6. Bg5 Qd7 7. Nc3 Bg7 8. O-O c5
9. Bc2 cxd4 10. Nxd4 a6 11. Ba4 Nc6 12. Nd5 Bxd4 13. Bxc6 Qxc6 14. Qxd4 e5 15.
Qxb6 Qxb6 16. Nxb6 Rb8 17. Rfd1 h6 18. Be3 Rd8 19. f3 Ne7 20. Rd2 f5 21. Rad1
fxe4 22. fxe4 Bxe4 23. Rxd6 Rxd6 24. Rxd6 Kf7 25. Nd7 Nf5 26. Nxe5+ Ke7 27.
Nxg6+ Kxd6 28. Bf4+ Kc5 29. Nxh8 h5 30. Nf7 Kxc4 31. Ne5+ Kd4 32. Kf2 Bd5 33.
a3 Ke4 34. g3 h4 35. Nd7 hxg3+ 36. hxg3 Bc4 37. Nf6+ Kd4 38. g4 Ne7 39. Bd6 Ng6
40. Kf3 a5 41. a4 Kd3 42. Bc7 Kc2 43. Bxa5 Kxb2 44. Bc7 Kc3 45. Ke4 Kb4 46. a5
Kb5 47. Kd4 Ne7 48. g5 Nc6+ 49. Kc3 Ba2 50. g6 Ne7 51. g7 Bf7 52. Ne4 Nf5 53.
Bd8 Be6 54. a6 Nxg7 55. a7 Bd5 56. Kd4 Ba8 57. Nd6+ Ka6 1/2-1/2

[Event "Gausdal Classics 2007"]
[Site "Gausdal NOR"]
[Date "2007.04.23"]
[Round "6.3"]
[White "Rozentalis, Eduardas"]
[Black "Carlsen, Magnus"]
[Result "1/2-1/2"]
[WhiteElo "2578"]
[BlackElo "2693"]
[PlyCount "46"]
[EventDate "2007.04.18"]
[EventType "tourn"]
[EventRounds "9"]
[EventCountry "NOR"]
[EventCategory "12"]
[Source "lmi"]
[SourceDate "2007.04.18"]

1. e4 c5 2. Nf3 Nc6 3. Bb5 e6 4. Bxc6 bxc6 5. O-O Ne7 6. Re1 Ng6 7. c3 Be7 8.
d4 O-O 9. Be3 cxd4 10. cxd4 f5 11. Nc3 Ba6 12. b3 Bb4 13. Bd2 Nf4 14. Na4 Bxd2
15. Qxd2 fxe4 16. Rxe4 Qf6 17. Re3 Qg6 18. Ne1 Qg5 19. Rd1 Qh5 20. f3 d6 21.
Nb2 c5 22. Re4 Qf5 23. Nbd3 Nxd3 1/2-1/2

[Event "Gausdal Classics 2007"]
[Site "Gausdal NOR"]
[Date "2007.04.23"]
[Round "6.4"]
[White "Portisch, Lajos"]
[Black "Kulaots, Kaido"]
[Result "1/2-1/2"]
[WhiteElo "2512"]
[BlackElo "2525"]
[PlyCount "29"]
[EventDate "2007.04.18"]
[EventType "tourn"]
[EventRounds "9"]
[EventCountry "NOR"]
[EventCategory "12"]
[Source "lmi"]
[SourceDate "2007.04.18"]

1. d4 Nf6 2. c4 e6 3. Nf3 d5 4. g3 Bb4+ 5. Bd2 Be7 6. Bg2 O-O 7. O-O c6 8. Bf4
b6 9. Nc3 Ba6 10. cxd5 cxd5 11. Rc1 Bb7 12. Qd3 Nc6 13. Ne5 Nxe5 14. Bxe5 Qd7
15. Rc2 1/2-1/2

[Event "Gausdal Classics 2007"]
[Site "Gausdal NOR"]
[Date "2007.04.23"]
[Round "6.5"]
[White "Krush, Irina"]
[Black "Krasenkow, Michal"]
[Result "0-1"]
[WhiteElo "2464"]
[BlackElo "2661"]
[PlyCount "98"]
[EventDate "2007.04.18"]
[EventType "tourn"]
[EventRounds "9"]
[EventCountry "NOR"]
[EventCategory "12"]
[Source "lmi"]
[SourceDate "2007.04.18"]

1. d4 Nf6 2. c4 g6 3. f3 d5 4. cxd5 Nxd5 5. e4 Nb6 6. Nc3 Bg7 7. Be3 f5 8. Qd2
fxe4 9. fxe4 O-O 10. Nf3 Bg4 11. Be2 Bxf3 12. gxf3 Nc6 13. O-O-O e5 14. d5 Nd4
15. h4 Nxf3 16. Bxf3 Rxf3 17. Qe2 Qf6 18. h5 gxh5 19. Rxh5 Rf8 20. Rhh1 Rg3 21.
Kb1 Qg6 22. Rdg1 Rf7 23. Qb5 Rff3 24. Rxg3 Rxg3 25. Bxb6 axb6 26. Qd7 Bf8 27.
Rf1 Rg1 28. Rxg1 Qxg1+ 29. Kc2 Qf2+ 30. Kb3 Qf7 31. Qg4+ Kh8 32. Qc8 h5 33.
Qxb7 Qd7 34. Qa6 h4 35. Qf1 Kg8 36. Qf6 h3 37. Qg6+ Kh8 38. Qh5+ Qh7 39. Qxe5+
Qg7 40. Qh5+ Qh6 41. Qe5+ Bg7 42. Qh2 Qh5 43. Qxc7 h2 44. d6 h1=Q 45. d7 Bf6
46. d8=Q+ Bxd8 47. Qxd8+ Kg7 48. Qd4+ Kh7 49. Qe5 Kg8 0-1

[Event "Gausdal Classics 2007"]
[Site "Gausdal NOR"]
[Date "2007.04.24"]
[Round "7.2"]
[White "Kulaots, Kaido"]
[Black "Krush, Irina"]
[Result "1-0"]
[WhiteElo "2525"]
[BlackElo "2464"]
[PlyCount "49"]
[EventDate "2007.04.18"]
[EventType "tourn"]
[EventRounds "9"]
[EventCountry "NOR"]
[EventCategory "12"]
[Source "lmi"]
[SourceDate "2007.04.18"]

1. e4 c5 2. Nf3 d6 3. d4 cxd4 4. Nxd4 Nf6 5. Nc3 Nc6 6. Bg5 e6 7. Qd2 Qb6 8.
O-O-O Be7 9. Bxf6 Bxf6 10. Nxc6 bxc6 11. Na4 Qb7 12. Qxd6 Be7 13. Qg3 O-O 14.
Bc4 c5 15. Nc3 Bd7 16. Ba6 Qxa6 17. Rxd7 Bf6 18. e5 Bd8 19. Rhd1 Rb8 20. Kb1
Qa3 21. b3 c4 22. Ne4 a5 23. R1d4 cxb3 24. axb3 Kh8 25. Nd6 1-0

[Event "Gausdal Classics 2007"]
[Site "Gausdal NOR"]
[Date "2007.04.24"]
[Round "7.3"]
[White "Carlsen, Magnus"]
[Black "Portisch, Lajos"]
[Result "1-0"]
[WhiteElo "2693"]
[BlackElo "2512"]
[PlyCount "59"]
[EventDate "2007.04.18"]
[EventType "tourn"]
[EventRounds "9"]
[EventCountry "NOR"]
[EventCategory "12"]
[Source "lmi"]
[SourceDate "2007.04.18"]

1. d4 d5 2. c4 e6 3. Nf3 Nf6 4. g3 dxc4 5. Bg2 Nbd7 6. O-O Rb8 7. Qc2 b5 8. b3
cxb3 9. axb3 a6 10. Ne5 Nxe5 11. dxe5 Nd5 12. Rd1 Qe7 13. Nc3 Qc5 14. Rxd5 exd5
15. b4 Qxb4 16. Ba3 Qg4 17. Bxf8 Kxf8 18. Nxd5 Qc4 19. Qd2 Be6 20. Rc1 Qb3 21.
Nxc7 Kg8 22. Qd6 Rc8 23. Bb7 h6 24. Bxc8 Bxc8 25. Nxb5 axb5 26. Rxc8+ Kh7 27.
Rc1 Re8 28. Kg2 Kg8 29. Rc5 Qa2 30. Qc6 1-0

[Event "Gausdal Classics 2007"]
[Site "Gausdal NOR"]
[Date "2007.04.24"]
[Round "7.4"]
[White "Moskow, Eric"]
[Black "Rozentalis, Eduardas"]
[Result "1/2-1/2"]
[WhiteElo "2260"]
[BlackElo "2578"]
[PlyCount "85"]
[EventDate "2007.04.18"]
[EventType "tourn"]
[EventRounds "9"]
[EventCountry "NOR"]
[EventCategory "12"]
[Source "lmi"]
[SourceDate "2007.04.18"]

1. g3 d5 2. Bg2 Nf6 3. c4 e6 4. Nf3 dxc4 5. Qa4+ Bd7 6. Qxc4 Bc6 7. O-O Nbd7 8.
d3 Be7 9. Nc3 O-O 10. Bd2 Bxf3 11. Bxf3 Ne5 12. Qf4 Bd6 13. Qe3 c6 14. Bg2 Neg4
15. Qf3 Ne5 16. Qe3 Nfg4 17. Qe4 f5 18. Qa4 Bc5 19. h3 Nf6 20. Bg5 h6 21. Bxf6
Qxf6 22. Rad1 Rad8 23. Qc2 Bb6 24. e3 g5 25. d4 Ng6 26. Na4 h5 27. Nxb6 axb6
28. Qb3 h4 29. Qxb6 Rd7 30. b4 Rdf7 31. b5 f4 32. g4 f3 33. Bh1 cxb5 34. d5 e5
35. Qxb5 Qd6 36. Qa4 Kg7 37. Qe4 Ne7 38. Rd3 Nc8 39. Rb1 Qf6 40. Qb4 Nd6 41. e4
Qg6 42. Re3 Rf4 43. Qc3 1/2-1/2

[Event "Gausdal Classics 2007"]
[Site "Gausdal NOR"]
[Date "2007.04.25"]
[Round "8.2"]
[White "Rozentalis, Eduardas"]
[Black "Jones, Gawain C"]
[Result "1-0"]
[WhiteElo "2578"]
[BlackElo "2518"]
[PlyCount "61"]
[EventDate "2007.04.18"]
[EventType "tourn"]
[EventRounds "9"]
[EventCountry "NOR"]
[EventCategory "12"]
[Source "lmi"]
[SourceDate "2007.04.18"]

1. e4 c5 2. Nf3 d6 3. c3 Nf6 4. Be2 Nbd7 5. Qc2 Qc7 6. O-O e6 7. a4 b6 8. a5
Bb7 9. d3 bxa5 10. Qa4 c4 11. dxc4 Nxe4 12. Qxa5 Qxa5 13. Rxa5 Be7 14. Be3 a6
15. Nbd2 Nxd2 16. Nxd2 O-O 17. Rfa1 Rfc8 18. Bf3 Bxf3 19. gxf3 Nb8 20. b4 Bf6
21. R1a3 Bd8 22. R5a4 a5 23. Ne4 Rxc4 24. Nxd6 Rh4 25. Nb7 Bc7 26. Nxa5 Bxh2+
27. Kg2 Bc7 28. c4 Bxa5 29. Rxa5 Rxa5 30. Rxa5 Rxc4 31. Bc5 1-0

[Event "Gausdal Classics 2007"]
[Site "Gausdal NOR"]
[Date "2007.04.26"]
[Round "9.1"]
[White "Kulaots, Kaido"]
[Black "Lie, Kjetil A"]
[Result "1/2-1/2"]
[WhiteElo "2525"]
[BlackElo "2529"]
[PlyCount "68"]
[EventDate "2007.04.18"]
[EventType "tourn"]
[EventRounds "9"]
[EventCountry "NOR"]
[EventCategory "12"]
[Source "lmi"]
[SourceDate "2007.04.18"]

1. e4 c5 2. Nf3 g6 3. d4 cxd4 4. Nxd4 Nc6 5. Nc3 Bg7 6. Be3 Nf6 7. Bc4 O-O 8.
Bb3 a5 9. O-O Nxd4 10. Bxd4 d6 11. Qe2 Bd7 12. Rad1 a4 13. Bc4 Bc6 14. e5 dxe5
15. Qxe5 Ra5 16. Bb5 Qc8 17. Qe2 Re8 18. Rfe1 Nh5 19. Bxc6 Qxc6 20. Bxg7 Kxg7
21. Qe4 Rc8 22. a3 e6 23. Rd4 Nf6 24. Qxc6 Rxc6 25. Re2 Nd5 26. Nxd5 Rxd5 27.
Rxd5 exd5 28. Kf1 d4 29. Ke1 Rb6 30. Rd2 Rxb2 31. Rxd4 Rxc2 32. Rxa4 Rb2 33.
Rd4 b5 34. Rd6 Rb3 1/2-1/2

[Event "Gausdal Classics 2007"]
[Site "Gausdal NOR"]
[Date "2007.04.26"]
[Round "9.2"]
[White "Carlsen, Magnus"]
[Black "Krasenkow, Michal"]
[Result "1-0"]
[WhiteElo "2693"]
[BlackElo "2661"]
[PlyCount "81"]
[EventDate "2007.04.18"]
[EventType "tourn"]
[EventRounds "9"]
[EventCountry "NOR"]
[EventCategory "12"]
[Source "lmi"]
[SourceDate "2007.04.18"]

1. d4 d5 2. c4 e6 3. Nf3 c6 4. Nbd2 f5 5. g3 Nf6 6. Bg2 Bd6 7. O-O O-O 8. Ne5
b6 9. Ndf3 Ne4 10. Qc2 Bb7 11. b3 a5 12. Bb2 Na6 13. a3 Qe7 14. Nd3 Rac8 15. e3
c5 16. Nde5 cxd4 17. exd4 a4 18. Qd3 Nb8 19. Rfc1 Nd7 20. cxd5 Bxd5 21. b4 Ndf6
22. Nc4 Qb7 23. Qe2 Ng4 24. Nfd2 Nxd2 25. Nxd6 Rxc1+ 26. Bxc1 Qc6 27. Qxe6+
Bxe6 28. Bxc6 Nb3 29. d5 Ne5 30. Rb1 Nd4 31. dxe6 Nexc6 32. b5 Ne7 33. Be3 Rd8
34. Nc4 Ne2+ 35. Kg2 Nc3 36. Re1 Nxb5 37. Bg5 Kf8 38. Re5 Nd6 39. Nxb6 h6 40.
Be3 Ke8 41. Ra5 1-0